| 000 | 01633nam a22002537a 4500 | ||
|---|---|---|---|
| 003 | Uzh_bibl | ||
| 008 | 260408b |||||||| |||| 00| 0 ukr d | ||
| 020 |
_a978--966--8734-23-6 _c110.50 |
||
| 040 | _bукр. | ||
| 041 |
_2ukr _aukr |
||
| 080 | _a030 | ||
| 090 |
_a030 _bШ71 |
||
| 100 | _aШмагало, Ростислав | ||
| 245 |
_aЕнциклопедія художньої культури _cХудож.ред. Ф.Богуш _hТекст |
||
| 260 |
_aЛьвів _b"ЛНАМ" _c2013 |
||
| 300 |
_a520 с. _bіл. _fВ опр. |
||
| 520 | _aЕнциклопедія реалізує мету фундаментальної джерельно-теоретичної бази знань з української та світової мистецької освіти від часу формування її сучасного типу до 2010 року. проаналізовано архівні джерела та фотодокументи, що фіксують функціонування мистецькоосвітніх закладів. | ||
| 521 | _aДля широкого кола читачів | ||
| 546 | _aукр. | ||
| 650 | _aНауково-довідкове видання | ||
| 653 |
_aБазові наукові галузі _aМетодологія, форми, організації _aРегіони та осередки _aНапрями та спеціалізація _aСловник термінів мистецької освіти та художньої культури |
||
| 655 |
_aДовідкова література _vЕнциклопедія |
||
| 942 |
_2udc _cBK |
||
| 999 |
_c17292 _d17292 |
||